Logo BPK

Biblioteka

Politechniki Koszalińskiej

Podatek dochodowy od osób fizycznych 2002. (Rekord nr 41590)

Szczegóły MARC
000 -ETYKIETA REKORDU
podpole kontrolne o stałej długości 00863nam a2200265 i 4500
001 - NUMER KONTROLNY REKORDU
pole kontrolne bg
020 ## - MIĘDZYNARODOWY ZNORMALIZOWANY NUMER KSIĄŻKI - ISBN
ISBN 8372844755 (t. 2)
020 ## - MIĘDZYNARODOWY ZNORMALIZOWANY NUMER KSIĄŻKI - ISBN
ISBN 8372844739 (całość)
020 ## - MIĘDZYNARODOWY ZNORMALIZOWANY NUMER KSIĄŻKI - ISBN
ISBN 8372844747 (t. 1)
040 ## - ŹRÓDŁO KATALOGOWANIA
Instytucja, która utworzyła rekord BPK
041 0# - KOD JĘZYKA
Kod języka tekstu pl
080 ## - UNIWERSALNA KLASYFIKACJA DZIESIĘTNA - UKD
UKD 336.226.11(438)(07)
920 ## - Międzynarodowy znormalizowany numer książki – ISBN
ISBN 83-7284-475-5 (t. 2)
920 ## - Międzynarodowy znormalizowany numer książki – ISBN
ISBN 83-7284-473-9 (całość)
920 ## - Międzynarodowy znormalizowany numer książki – ISBN
ISBN 83-7284-474-7 (t. 1)
008 - POLE O STAŁEJ DŁUGOŚCI - DANE KONTROLNE
podpole kontrolne o stałej długości s pl f |000 0 pol
100 1# - NAZWA OSOBOWA
Nazwa osobowa KULICKI, Jacek.
245 10 - TYTUŁ/ODPOWIEDZIALNOŚĆ
Tytuł Podatek dochodowy od osób fizycznych 2002.
Oznaczenie części/sekcji dzieła T.1 /
Pozostałe elementy strefy tytułu i oznaczenia odpowiedzialności Jacek Kulicki.
260 ## - STREFA ADRESU WYDAWNICZEGO
Miejsce wydania Warszawa :
Nazwa wydawcy/dystrybutora "ABC",
Data publikacji, dystrybucji/powstania dokumentu cop. 2001.
300 ## - STREFA OPISU FIZYCZNEGO
Objętość 446, [1] s. ;
Rozmiary 24 cm.
650 #9 - HASŁO PRZEDMIOTOWE W FORMIE NAZWY OGÓLNEJ LUB JEDNOSTKOWEJ
Nazwa ogólna lub geograficzna Podatek dochodowy od osób fizycznych
Określnik ogólny prawo
Określnik geograficzny Polska
Określnik chronologiczny stan na 2002 r.
655 ## - TERMIN INDEKSOWY - OKREŚLENIE RODZAJU/FORMY DOKUMENTU
Określenie rodzaju/formy dokumentu Podręczniki
856 ## - LOKALIZACJA I DOSTĘP DO ELEKTRONICZNYCH DOKUMENTÓW ZDALNYCH
Link (URL) http://koha.tu.koszalin.pl/cgi-bin/koha/opac-detail.pl?biblionumber=41590
Tekst linku Katalog online BPK
942 ## - DODATKOWE ELEMENTY (KOHA)
Typ dokumentu Książka
Egzemplarze
Wycofany Status egzemplarza Uszkodzony Dostępność Lokalizacja stała Lokalizacja bieżąca Miejsce przechowywania Sygnatura Kod kreskowy Dział Typ dokumentu Ostatnio wypożyczono
      Tylko na miejscu Biblioteka Politechniki Koszalińskiej Biblioteka Politechniki Koszalińskiej Czytelnia BG 63837 01766974 336.22 Podatki Książka  
      Tylko na miejscu Biblioteka Politechniki Koszalińskiej Biblioteka Politechniki Koszalińskiej Czytelnia Wydziałowa ul. Kwiatkowskiego 6e 63838 01766967 336.22 Podatki. Opłaty Książka  
      Dostępny Biblioteka Politechniki Koszalińskiej Biblioteka Politechniki Koszalińskiej Wypożyczalnia BG 63839 01766950   Książka 12.03.2015
© 2023 Biblioteka Politechniki Koszalińskiej :: KOHA